Geography Quiz

Random Geography or City Quiz

'B' Cities by Picture Quiz Stats

 Plays Quiz Updated May 21, 2016

Challenge
Share
Tweet
Score 0/20 Timer 07:00
5 Plays Today
% Correct
Beijing, China
95.5%
Berlin, Germany
93.6%
Boston, Massachusetts, USA
84.3%
Bangkok, Thailand
74.6%
Buenos Aires, Argentina
74%
Brasília, Brazil
71.8%
Budapest, Hungary
64.7%
Barcelona, Spain
64.1%
Brisbane, Australia
63.4%
Bogotá, Colombia
55.3%
% Correct
Brussels, Belgium
54.7%
Baghdad, Iraq
48.5%
Birmingham, United Kingdom
42.6%
Baltimore, Maryland, USA
40.4%
Bamako, Mali
30.5%
Beirut, Lebanon
26.6%
Bishkek, Kyrgyzstan
25.4%
Baku, Azerbaijan
24%
Busan, South Korea
20.9%
Belfast, United Kingdom
17.7%

You're not logged in!

Compare scores with friends on all Sporcle quizzes.
OR
Log In

You Might Also Like...

Show Comments

Extras

Top Quizzes Today


Score Distribution

Your Account Isn't Verified!

In order to create a playlist on Sporcle, you need to verify the email address you used during registration. Go to your Sporcle Settings to finish the process.

Report this User

Report this user for behavior that violates our Community Guidelines.

Details: